000 00889nam a2200193 i 4500
001 152871
003 ES-MaACL
005 20250903011203.0
008 931025m18791880sp |||| | spa d
100 1 _aBurillo de Santiago, Manuel.
_9126241
245 1 0 _aElementos de Matemáticas /
_cpor Manuel Burillo de Santiago.
260 _aCórdoba :
_b[s.n.],
_c1879-1880 (
_fImprenta Libreria y Litografia del Diario)
300 _a2 v. :
_bil. ;
_c24 cm.
505 8 _aContiene : Vol. I: Aritmética y Algebra (IV, 275 p.) -- Vol. II: Geometria y Trigonometria ( 327 p.)
650 0 7 _aMatemáticas
_2embne
_914814
852 _aES-MaACL
_jF-5454
_z-- Enc. pasta española
_q-- Contiene únicamente T. II (328 p.)
856 _uhttp://bibliotecadigitalhispanica.bne.es:80/webclient/DeliveryManager?pid=1684445&custom_att_2=simple_viewer
_zIr a la página
999 _c152871
_d152871